Modèles d'armes les plus produits de l'histoire - Statistiques

Statistiques générales
  • Ce quiz a été pris 95 fois
  • Le résultat moyen est 5 sur 25
Statistiques - réponses
Nationalité Nombre d'armes produites Années de production Type d'arme Réponse % Correct
Russe Plus de 76 millions 1947 - aujourd'hui Fusil d'assaut AK-47
92%
Américain Plus de 6.5 millions 1942 - 1945 Carabine semi-automatique Carabine M1
69%
Américain Plus de 28 millions 1959 - aujourd'hui Fusil d'assaut AR-15/M16
68%
Autrichien Plus de 21 millions 1982 - aujourd'hui Pistolet semi-automatique Pistolet Glock
58%
Soviètique (Russe) Plus de 97 millions 1891 - 1965 Fusil à répétition Mosin-Nagant
31%
Américain Plus de 4.3 millions 1911 - 1985 Pistolet semi-automatique Pistolet 1911
27%
Soviètique Environ 6 millions 1941 - 1947 Pistolet mitrailleur PPSh-41
26%
Soviètique Plus de 15 millions 1945 - 1957 Carabine semi-automatique SKS
18%
Américain Plus de 7.5 millions 1894 - 2006 Carabine à levier Winchester Modèle 1894
18%
Britannique Plus de 17 millions 1895 - 1957 Fusil à répétition Lee-Enfield
17%
Américain Plus de 5.5 millions 1936 - 1957 Fusil semi-automatique M1 Garand
14%
Soviètique (Russe) Plus de 6 millions 1951 - 1991 Pistolet semi-automatique Pistolet Makarov
14%
Belge Plus de 7 millions 1953 - 1988 Fusil d'assaut FN FAL
13%
Américain Plus de 11 millions 1950 - aujourd'hui Fusil à pompe Remington 870
13%
Américain Plus de 5 millions 1962 - aujourd'hui Fusil à répétition Remington Modèle 700
13%
Japonnais Plus de 7.16 millions 1905 - 1945 Fusil à répétition Arisaka Type 38/99
9%
Américain Plus de 6 millions 1899 - aujourd'hui Revolver Smith & Wesson Modèle 10
9%
Français Plus de 7 millions 1777 - 1820 Mousquet à silex Mousquet modèle 1777
8%
Américain Plus de 7 millions 1964 - aujourd'hui Carabine semi-automatique Ruger 10/22
6%
Américain Plus de 12 millions 1960 - aujourd'hui Fusil à pompe Mossberg 500
4%
Britannique Plus de 4 millions 1941 - 1945 Pistolet mitrailleur Sten Gun
3%
Allemand Plus de 5 millions 1929 - aujourd'hui Pistolet semi-automatique Walther PP/PPK
1%
Allemand Plus de 7.8 millions 1959 - 1997 Fusil d'assaut Heckler & Koch G3
0%
Américain Plus de 11 millions 1960 - aujourd'hui Carabine semi-automatique Marlin Modèle 60
0%
Allemand Plus de 100 millions 1898 - 1945 Fusil à répétition Mauser Modèle 98
0%
Aucun quiz correspondant
Distribution des résultats
% des personnes avec chaque résultat
Percentile par nombre de réponses
Votre historique - résultats
Vous n’avez pas pris ce quiz